Catálogo de la Biblioteca Horacio González - Universidad Nacional de General Sarmiento

Documentos del retorno : (Registro nro. 50499)

Detalles MARC
000 -CABECERA
campo de control de longitud fija 00641nam a22002050a 4500
001 - NÚMERO DE CONTROL
campo de control PT33942
003 - IDENTIFICADOR DEL NÚMERO DE CONTROL
campo de control AR-LpoUNG
005 - FECHA Y HORA DE LA ÚLTIMA TRANSACCIÓN
campo de control 20210201010123.0
008 - DATOS DE LONGITUD FIJA--INFORMACIÓN GENERAL
campo de control de longitud fija 201001suuuu||||ag |||||||||||||||||spa d
040 ## - FUENTE DE LA CATALOGACIÓN
Centro catalogador/agencia de origen AR-LpoUNG
Lengua de catalogación spa
Normas de descripción aacr
041 ## - CÓDIGO DE LENGUA
Código de lengua del texto/banda sonora o título independiente spa
082 0# - NÚMERO DE LA CLASIFICACIÓN DECIMAL DEWEY
Número de clasificación 982.063 81doc
100 1# - ENTRADA PRINCIPAL--NOMBRE DE PERSONA
Nombre de persona Urriza, Manuel
245 10 - MENCIÓN DE TÍTULO
Título Documentos del retorno :
Resto del título noviembre 1972
260 ## - PUBLICACIÓN, DISTRIBUCIÓN, ETC.
Lugar de publicación, distribución, etc. s.l.
Nombre del editor, distribuidor, etc. s.e.
Fecha de publicación, distribución, etc. s.f.
490 0# - MENCIÓN DE SERIE
Mención de serie Cuadernos del Instituto Nacional Juan Domingo Perón ;
Designación de volumen o secuencia no.5
710 2# - PUNTO DE ACCESO ADICIONAL--NOMBRE DE ENTIDAD CORPORATIVA
Nombre de entidad corporativa o nombre de jurisdicción como elemento de entrada Instituto Nacional Juan Domingo Perón de Estudios e Investigaciones Históricas, Sociales y Políticas (Buenos Aires)
905 ## - ELEMENTOS DE DATOS E LOCAL, LDE (RLIN)
a 33942
942 ## - ELEMENTOS DE PUNTO DE ACCESO ADICIONAL (KOHA)
Tipo de ítem Koha Libro
Existencias
Estado de retiro Estado de pérdida Estado dañado No para préstamo Código de colección Localización permanente Ubicación/localización actual Fecha de adquisición Total de préstamos Signatura topográfica completa Código de barras Fecha visto por última vez Precio válido a partir de Tipo de ítem Koha
        Colección General Biblioteca Universidad Nacional de General Sarmiento Biblioteca Universidad Nacional de General Sarmiento 01/02/2021   982.063 81doc 00013659 01/02/2021 01/02/2021 Libro